Čitateľný a transparentný systém

Vymedzenie pojmu licencia. Právne nejasnosti udeľovania licencií. Metodológia multikritériového ohodnocovania záujemcu o licenciu.

Enregistré dans:
Détails bibliographiques
Auteur principal: Sotník, Alexander
Format: Chapitre de livre
Langue:slovaque
Sujets:
Tags: Ajouter un tag
Pas de tags, Soyez le premier à ajouter un tag!

MARC

LEADER 00000naa a2200000 4500
001 r033656
005 20230919122828.2
041 0 |a slo 
044 |a SK 
245 1 0 |a Čitateľný a transparentný systém  |c Alexander Sotník 
520 |a Vymedzenie pojmu licencia. Právne nejasnosti udeľovania licencií. Metodológia multikritériového ohodnocovania záujemcu o licenciu. 
610 2 0 |a licencie 
610 2 0 |a správa štátna 
610 2 0 |a súťaž hospodárska 
610 2 0 |a legislatíva 
610 2 0 |a Slovensko 
100 1 |a Sotník, Alexander